000 00692nam a2200253Ia 4500
003 OSt
005 20221007073932.0
006 a|||||r|||| 00| 0
007 ta
008 221006b |||||||| |||| 00| 0 eng d
024 _a38,946
037 _cTextual
040 _aFLL
_cFLL
_beng
041 _2eng
_aeng
082 _aZ2,801, Q3
100 _aTakwani C.K.
_9294639
245 0 _aCivil procedure with limitation act, 1963
250 _a7th
260 _aLucknow
_bEastern Book Company India
_c2013
300 _acxii,837p
_ccm.
500 _aReplacement copy with edition 9th 2021
942 _hZ2,801, Q3
_cTEXL
_2CC
999 _c1150473
_d1150473